000 00455nam a22001937a 4500
003 MPLRDC
005 20220104143540.0
008 210129b ||||| |||| 00| 0 eng d
020 _a957-560-674-4
082 _a848.2 YGZ-26
100 _a余光中著
245 _a高楼对海
_c
250 _a初版
260 _a
_b九歌出版社
_c2000
300 _b
490 _a九歌文库;576
650 _a现代别集
942 _cBK
_o848.2 YGZ-26
999 _c41004
_d40994